<?xml version="1.0" encoding="UTF-8"?>
<collection xmlns="http://www.loc.gov/MARC21/slim">
 <record>
  <leader>00570nam a22001455a 4500</leader>
  <controlfield tag="001">EUN.um020558</controlfield>
  <controlfield tag="003">AR-BaUNS</controlfield>
  <controlfield tag="005">20050623122900.0</controlfield>
  <controlfield tag="008">041125s1971####ag############000#0#spa#d</controlfield>
  <datafield tag="245" ind1="1" ind2="0">
   <subfield code="a">Panorama actual de la geomorfología :</subfield>
   <subfield code="b">conferencia pronunciada el 28 de mayo de 1971, en el ciclo de conf. org. por del Dpto. de Geología de la UNS. /</subfield>
   <subfield code="c">Augusto P. Calmels.</subfield>
  </datafield>
  <datafield tag="260" ind1=" " ind2=" ">
   <subfield code="a">Bahía Blanca :</subfield>
   <subfield code="b">Universidad Nacional del Sur,</subfield>
   <subfield code="c">1971.</subfield>
  </datafield>
  <datafield tag="300" ind1=" " ind2=" ">
   <subfield code="a">19 h.</subfield>
  </datafield>
  <datafield tag="100" ind1="1" ind2=" ">
   <subfield code="a">Calmels, Augusto P.</subfield>
  </datafield>
  <datafield tag="082" ind1="0" ind2="4">
   <subfield code="a">551.4</subfield>
  </datafield>
  <datafield tag="859" ind1=" " ind2=" ">
   <subfield code="a">Ar-BaUNS</subfield>
   <subfield code="b">BIB. CENTRAL - Sector C</subfield>
   <subfield code="h">551.4</subfield>
   <subfield code="i">C136-5</subfield>
   <subfield code="p">59729/971</subfield>
  </datafield>
 </record>
</collection>
